000 00661nam a2200253 i 4500
001 C2-0121722
003 PPAK
005 20180727113307.0
008 970819s1982 enka|||| ||||| | eng d
020 _a024110713X
040 _aPPAK
_beng
_cPPAK
_erda
082 0 4 _a925.213.85
_223
090 0 0 _a925.213.85
_bROS
_dK
100 1 _aRoss, Josephine,
_eauthor
245 1 0 _aThomas Edison
264 1 _aLondon :
_bHamish Hamilton ,
_c1982
300 _a83 pages :
_billustrations ;
_c22 cm
336 _2rdacontent
_atext
337 _2rdamedia
_aunmediated
338 _2rdacarrier
_avolume
490 1 _aProfiles
830 0 _aProfiles
942 _ddc
_cB
999 _c34666
_d34666